ბათუმის შოთა რუსთაველის სახელმწიფო უნივერსიტეტის ბიბლიოთეკა

ფინანსების თეორიის საკითხები; (ბიბ.ჩანაწერი № 38076)

000 -ლიდერი
ფიქსირებული სიგრძის საკონტროლო ველი 01097nam a2200229Ia 4500
001 - საკონტროლო ნომერი
საკონტროლო ველი 4062
003 - საკონტროლო ნომრის იდენტიფიკატორი
საკონტროლო ველი GE_BSU
005 - ბოლო ოპერაციის თარიღი და დრო
საკონტროლო ველი 20190927164236.0
008 - ფიქსირებული სიგრძის მონაცემთა ელემენტები - ზოგადი ინფორმაცია
ფიქსირებული სიგრძის საკონტროლო ველი 181216s1987||||ge |||||||||||||| ||geo||
040 ## - კატალოგიზაციის წყარო
Transcribing agency GE_BSU
080 ## - უნივერსალური ათობითი კლასიფიკაციის ინდექსი
Universal Decimal Classification number 336.1 ჩ–21
100 ## - მთავარი ჩანაწერი - პიროვნების სახელი
Personal name ჩანტლაძე, ვასილ
9 (RLIN) 4363
245 ## - ცნობა სათაურის შესახებ
Title ფინანსების თეორიის საკითხები;
Statement of responsibility, etc რედ. ვ. გამყრელიძე, თარგმ მ. ჭირაქაძემ, ც. ოქრუაშვილმა
264 ## - წარმოების, გამოცემის, დისტრიბუციის და სხვა ცნობები
გამოცემის, წარმოების, დისტრიბუციის... ადგილი თბ. :
გამოცემის, წარმოების, დისტრიბუციის... სახელწოდება თბილ. უნ-ტის გამ-ბა,
გამოცემის, წარმოების, დისტრიბუციის... თარიღი 1987.
300 ## - ფიზიკური აღწერა
Extent 391 გვ. ;
Other physical details 22 სმ.
504 ## - BIBLIOGRAPHY, ETC. NOTE
Bibliography, etc ბიბლიოგრ. ტექსტის შენიშვნ.
653 ## - INDEX TERM--UNCONTROLLED
Uncontrolled term ფინანსების თეორია
700 ## - ADDED ENTRY--PERSONAL NAME
Personal name გამყრელიძე, ვ.
Relator term მთარგმნელი
9 (RLIN) 4369
700 ## - ADDED ENTRY--PERSONAL NAME
Personal name ჭირაქაძე, მ,
Relator term მთარგმნელი
9 (RLIN) 4370
700 ## - ADDED ENTRY--PERSONAL NAME
Personal name ოქრუაშვილი, ც.
Relator term რედაქტორი
9 (RLIN) 4371
942 ## - ADDED ENTRY ELEMENTS (KOHA)
Koha item type წიგნი
Source of classification or shelving scheme
ეგზემპლარები
ჩამოწერის სტატუსი დაკარგული ეგზემპლარის სტატუსი კლასიფიკაციის წყარო ან თაროზე გაწყობის სქემა დაზიანების სტატუსი არ გაიცემა მუდმივი მდებარეობა (დაცვის ადგილი) ამჟამინდელი ადგილსამყოფელი თაროზე განთავსების ადგილი შეძენის თარიღი ღირებულება, შესყიდვის ნორმალური ფასი სრული შენახვის შიფრი შტრიხკოდი ბოლო ოპერაციის თარიღი ეგზემპლარის მიმდევრობითი ნომერი (კეტერი?) ფასის ძალაში შესვლის თარიღი ეგზემპლარის სახეობა საჯარო შენიშვნა
          ბათუმის შოთა რუსთაველის სახელმწიფო უნივერსიტეტის მთავარი ბიბლიოთეკა ბათუმის შოთა რუსთაველის სახელმწიფო უნივერსიტეტის მთავარი ბიბლიოთეკა წიგნსაცავი 2018-12-17 2.00 336.1 ჩ–21 5827 2018-12-17 5827 2018-12-17 წიგნი 2 ლ.